Influence of generation mechanisms on pulse profile of mechanical stress in metal target under the action of power ion beams; Bulletin of the Tomsk Polytechnic University; Vol. 310, № 2

Bibliografiske detaljer
Parent link:Bulletin of the Tomsk Polytechnic University/ Tomsk Polytechnic University (TPU).— , 2006-2007
Vol. 310, № 2.— 2007.— [P. 82-88]
Andre forfattere: Boyko (Boiko) V. I. Vladimir Ilyich, Daneykin Yu. V. Yuri Viktorovich, Khadkevich А. V., Yushitsin К. V.
Summary:Заглавие с титульного листа
Электронная версия печатной публикации
The system model «High power ion beam - metal» is suggested. Regularities of impulse formation of mechanical load in the volume of metal target subjected to the action of ion beams of different component composition in the range of power density 107...1010 W/sm2 have been considered. The influence of generation mechanisms on the profile and amplitude-to-time parameters of shock-wave excitation is studied.
Sprog:engelsk
Udgivet: 2007
Serier:Mathematics and mechanics. Physics
Fag:
Online adgang:http://www.lib.tpu.ru/fulltext/v/Bulletin_TPU/2007/v310eng/i2/20.pdf
Format: MixedMaterials Electronisk Book Chapter
KOHA link:https://koha.lib.tpu.ru/cgi-bin/koha/opac-detail.pl?biblionumber=181805

MARC

LEADER 00000nla2a2200000 4500
001 181805
005 20231031171140.0
035 |a (RuTPU)RU\TPU\book\197076 
035 |a RU\TPU\book\197048 
090 |a 181805 
100 |a 20100610d2007 k y0rusy50 ca 
101 1 |a eng  |c rus 
102 |a RU 
135 |a drnn ---uucaa 
200 1 |a Influence of generation mechanisms on pulse profile of mechanical stress in metal target under the action of power ion beams  |b Electronic resource  |f V. I. Boyko [et al.] 
203 |a Text  |c electronic 
215 |a 1 файл (1.7 Мб) 
225 1 |a Mathematics and mechanics. Physics 
230 |a Электронные текстовые данные (1 файл : 1.7 Мб) 
300 |a Заглавие с титульного листа 
300 |a Электронная версия печатной публикации 
320 |a [Bibliography: p. 88 (15 titles)] 
330 |a The system model «High power ion beam - metal» is suggested. Regularities of impulse formation of mechanical load in the volume of metal target subjected to the action of ion beams of different component composition in the range of power density 107...1010 W/sm2 have been considered. The influence of generation mechanisms on the profile and amplitude-to-time parameters of shock-wave excitation is studied. 
337 |a Adobe Reader 
461 1 |0 (RuTPU)RU\TPU\book\169973  |t Bulletin of the Tomsk Polytechnic University  |f Tomsk Polytechnic University (TPU)  |d 2006-2007 
463 1 |0 (RuTPU)RU\TPU\book\196868  |t Vol. 310, № 2  |v [P. 82-88]  |d 2007  |p 182 p. 
610 1 |a generation 
610 1 |a pulses 
610 1 |a mechanical stress 
610 1 |a metal targets 
610 1 |a ion beams 
610 1 |a power beams 
610 1 |a metals 
610 1 |a formation 
610 1 |a mechanical loads 
610 1 |a component composition 
610 1 |a density 
610 1 |a power 
610 1 |a amplitude-to-time parameters 
610 1 |a shock-wave excitation 
610 1 |a труды учёных ТПУ 
610 1 |a электронный ресурс 
675 |a 538.97_405  |v 3 
675 |a 53.072;53:004  |v 3 
701 1 |a Boyko (Boiko)  |b V. I.  |c Doctor of Physical and Mathematical Sciences  |c Professor of the TPU  |f 1943-  |g Vladimir Ilyich  |2 stltpush  |3 (RuTPU)RU\TPU\pers\25706 
701 1 |a Daneykin  |b Yu. V.  |c Physicist  |c Associate Professor of Tomsk Polytechnic University, Candidate of physical and mathematical sciences  |f 1978-  |g Yuri Viktorovich  |2 stltpush  |3 (RuTPU)RU\TPU\pers\31090  |4 070 
701 1 |a Khadkevich  |b А. V. 
701 1 |a Yushitsin  |b К. V. 
801 1 |a RU  |b 63413507  |c 20090623  |g PSBO 
801 2 |a RU  |b 63413507  |c 20160128  |g PSBO 
856 4 |u http://www.lib.tpu.ru/fulltext/v/Bulletin_TPU/2007/v310eng/i2/20.pdf 
942 |c CF